Slovensko-maďarská spolupráca v cestovnom ruchu
V Modre-Harmónii sa 24. júna 1997 uskutočnilo rokovanie o slovensko - maďarskej spolupráci v oblasti cestovného ruchu. Možnosti rozvoja cestovného ruchu medzi SR a MR.
Enregistré dans:
| Auteur principal: | |
|---|---|
| Format: | Chapitre de livre |
| Langue: | slovaque |
| Sujets: | |
| Tags: |
Pas de tags, Soyez le premier à ajouter un tag!
|
MARC
| LEADER | 00000naa a2200000 4500 | ||
|---|---|---|---|
| 001 | r030390 | ||
| 005 | 20230426125124.2 | ||
| 041 | 0 | |a slo | |
| 044 | |a SK | ||
| 245 | 1 | 0 | |a Slovensko-maďarská spolupráca v cestovnom ruchu |c Kamila Hanáková |
| 520 | |a V Modre-Harmónii sa 24. júna 1997 uskutočnilo rokovanie o slovensko - maďarskej spolupráci v oblasti cestovného ruchu. Možnosti rozvoja cestovného ruchu medzi SR a MR. | ||
| 610 | 2 | 0 | |a ruch cestovný |
| 610 | 2 | 0 | |a Slovensko |
| 610 | 2 | 0 | |a Maďarsko |
| 610 | 2 | 0 | |a regióny |
| 610 | 2 | 0 | |a kultúra |
| 610 | 2 | 0 | |a infraštruktúra |
| 610 | 2 | 0 | |a pohraničie |
| 100 | 1 | |a Hanáková, Kamila | |